TOP 1000: Výběr z 1000největších bank světa
Výber prvých päťdesiatich bánk z 1000 najväčších bánk sveta podľa časopisu The Banker 7/2003. Nárast ziskov oproti roku 2001. Prvé miesta bez veľkých zmien.
Salvato in:
| Natura: | Capitolo di libro |
|---|---|
| Lingua: | ceco |
| Soggetti: | |
| Tags: |
Nessun Tag, puoi essere il primo ad aggiungerne!!
|
MARC
| LEADER | 00000naa$a2200000$$$4500 | ||
|---|---|---|---|
| 001 | 0002251 | ||
| 005 | 20231004073450.3 | ||
| 041 | 0 | |a cze | |
| 044 | |a CZ | ||
| 245 | 1 | 0 | |a TOP 1000: Výběr z 1000největších bank světa |
| 520 | |a Výber prvých päťdesiatich bánk z 1000 najväčších bánk sveta podľa časopisu The Banker 7/2003. Nárast ziskov oproti roku 2001. Prvé miesta bez veľkých zmien. | ||
| 610 | 2 | 0 | |a banky |
| 610 | 2 | 0 | |a svet |
| 610 | 2 | 0 | |a kapitál bankový |
| 610 | 2 | 0 | |a zisk |